| 000 | 01018nam a22001815i 4500 | ||
|---|---|---|---|
| 001 | 161015 | ||
| 003 | ES-MaACL | ||
| 005 | 20230906212157.0 | ||
| 008 | 970902s1900 sp |||| | spa d | ||
| 040 |
_aCLM _bspa _cCCPB | SIC |
||
| 100 | 1 |
_aOndovilla y Duran, Agustín de. _9130655 |
|
| 245 | 1 | 0 |
_aDisposiciones que podrían impedir en España la división de las fincas rústicas cuando esta división perjudica al cultivo / _cMonografia presentada por D. Agustín de Ondovilla y Duran al segundo concurso extraordinario abierto por la Real Academia de Ciencias Morales y Políticas para la adjudicación del premio del Conde de Toreno en el bienio de 1887 a 99 é impresa á expensas de dicha corporación. |
| 260 |
_aMadrid : _b[s.n.], _c1900 ( _fImprenta del Asilo de Huerfanos del Sagrado Corazón de Jesús) |
||
| 300 |
_a137 p. ; _c27 cm. |
||
| 597 | 1 | _aAntep. | |
| 752 |
_aEspaña - _dMadrid |
||
| 852 |
_aES-MaACL _jF-M-III-O (XIII) _z-- Enc. hol. conservando la cub. original _z-- Enc. en un vol. facticio |
||
| 999 |
_c161015 _d161015 |
||